NLSUI OPAC header image

Regulating targeted advertising : the challenge of undefined anonymization standards in India's DPDP act in comparison to gdpr and pdpa (Record no. 217801)

MARC details
000 -LEADER
fixed length control field 00571nam a2200133Ia 4500
005 - DATE AND TIME OF LATEST TRANSACTION
control field 20260209120153.0
008 - FIXED-LENGTH DATA ELEMENTS--GENERAL INFORMATION
fixed length control field 260209s9999||||xx |||||||||||||| ||und||
100 ## - MAIN ENTRY--PERSONAL NAME
Personal name Yash Vikram Singh
245 #0 - TITLE STATEMENT
Title Regulating targeted advertising : the challenge of undefined anonymization standards in India's DPDP act in comparison to gdpr and pdpa
260 ## - PUBLICATION, DISTRIBUTION, ETC.
Place of publication, distribution, etc. BangaloreBangalore
Name of publisher, distributor, etc. NLSIU, Bangalore
Date of publication, distribution, etc. 2024 - 2025
300 ## - PHYSICAL DESCRIPTION
Extent 45 p. ; 25 cm.
700 ## - ADDED ENTRY--PERSONAL NAME
Personal name Dr. Arul George Scaria - SupervisorDr. Arul George Scaria - Supervisor
856 ## - ELECTRONIC LOCATION AND ACCESS
Uniform Resource Identifier <a href="https://dans.nls.ac.in/handle/123456789/2509">https://dans.nls.ac.in/handle/123456789/2509</a>
Holdings
Withdrawn status Lost status Damaged status Not for loan Home library Current library Date acquired Total Checkouts Barcode Date last seen Price effective from Koha item type
        . . 09.02.2026   LLM1168 09.02.2026 09.02.2026 Dissertation